000 00467nam a2200205Ia 4500
003 OSt
005 20220924134808.0
006 a|||||r|||| 00| 0
007 ta
008 220923b |||||||| |||| 00| 0 ben d
024 _a287280
037 _cTextual
040 _aARTS
_cARTS
_bben
041 _2ben
_aben
082 _a9042, 157K2
245 0 _aAjker Japan
260 _c1962
942 _h9042, 157K2
_cTEXL
_2CC
999 _c438611
_d438611